Responses for Show #4269 - Thursday, March 6, 2003

Max Levaren game 2.

Contestants

[<< previous game]

Laurie Zorn, a computer programmer from Bremerton, Washington

Jason Affourtit, a research scientist from New Haven, Connecticut

Max Levaren, a personal success coach from San Diego, California (whose 1-day cash winnings total $20,300)

[next game >>]

Jeopardy! Round responses

FELINES
ROCK NICKNAMES
THE FABRICS OF YOUR LIVES
BRITISH ROYAL DADS
AROUND THE GLOBE
GETTING POSSESSIVE
    $200 13
claws

Max
    $200 6
Billy Joel

Jason
    $200 26
chiffon

Jason
    $200 19
Prince Philip

Max
    $200 1
(Jason: What is the north...the magnetic north?)
(Max: What is the North Star?)

North Pole

MaxJason
Triple Stumper
    $200 2
traveler's checks

Max
    $400 14
catnip

Laurie
    $400 7
Paul McCartney

Jason
    $400 27
caterpillar

Jason
    $400 20
Henry VIII

Jason
    $400 12
(Jason: What is -----?)

-----------------------------------

Jason
Triple Stumper
    $400 3
writer's cramp

Laurie
    $600 15
whiskers

Jason
    $600 8
Janis Joplin

Jason
    $600 28
goat

Max
    $600 23
(Alex: We have a minute left.)

Prince Albert

Triple Stumper
    $600 16
(Laurie: What is Japan?)

Vatican City

Laurie
Triple Stumper
    $600 4
(Laurie: [No response])

Whistler's father

Laurie
    $800 21
Meet the Parents

Jason
    $800 9
Eric Clapton

Laurie
    $800 29
jersey

Max
    $800 24
William the Conqueror

Max
    $800 17
shorelines

Max
    $800 5
seller's market

Jason
    $1000 22
Burmese

Max
    $1000 10
Ted Nugent

Jason
    $1000 30
percale

Triple Stumper
    $1000 25
George VI

Max
    $1000 18
stratosphere

Triple Stumper
    $1000 11
fool's gold

Jason

Scores at the first commercial break (after clue 15):

Max Jason Laurie
$200 $4,000 $1,000

Scores at the end of the Jeopardy! Round:

Max Jason Laurie
$5,400 $5,800 $400

Double Jeopardy! Round responses

THE RIVER
LETHAL WEAPON
THE PATRIOT
SIGNS
HAMLET
(the play)
MEL GIBSON
    $400 20
Missouri River

Max
    $400 2
Clue

Laurie
    $400 16
George Washington

Jason
    $400 7
the peace sign

Laurie
    $400 12
Polonius

Max
    $400 1
New York

Jason
    $800 23
Thames

Max
    $800 3
---------------------------------------

Jason
    $800 17
Ben Franklin

Max
    $800 8
Sagittarius

Max
    $800 13
Ophelia

Max
    $800 27
Pocahontas

Jason
    $1200 24
Mekong

Triple Stumper
    $1200 4
AK-47

Jason
    $1200 18
John Jay

Max
    $1200 9
paragraph symbol

Laurie
    $1200 14
Horatio

Laurie
    $1200 30
We Were Soldiers

Triple Stumper
    $1600 25
(Max: What is Argentina?)

Brazil

Max
Triple Stumper
    $1600 5
(Jason: What is a bolo?)

bola

Jason
Triple Stumper
    $1600 19
Samuel Adams

Jason
    $1600 10
hex signs

Max
    $1600 15
Gertrude

Jason
    $3,000 29
(Laurie: What is "Payback?")

What Women Want

Laurie
    $2,000 26
Nile

Max
    $2000 6
Bowie knives

Max
    $2000 21
Robert Morris

Triple Stumper
    $2000 11
operator

Triple Stumper
    $2000 22
Claudius

Max
    $2000 28
The Man Without a Face

Laurie

Scores at the end of the Double Jeopardy! Round:

Max Jason Laurie
$16,600 $11,000 $2,600

[wagering suggestions for these scores]

Final Jeopardy! Round responses

AGRICULTURE
LaurieWhat is ?
$2,599
JasonWhat are Trees?
$8,300
MaxWhat are sweet potatoes?
$5,500
grapes

Final scores:

Max Jason Laurie
$11,100 $2,700 $1
2-day champion: $31,400 2nd place: $2,000 3rd place: $1,000

Game dynamics:

Coryat scores:

Max Jason Laurie
$16,600 $11,000 $6,200
20 R
(including 1 DD),
2 W
18 R,
3 W
8 R,
3 W
(including 2 DDs)

Combined Coryat: $33,800

[game clues] [game scores] [suggest correction]

Game tape date: 2002-11-16
The J! Archive is created by fans, for fans. Scraping, republication, monetization, and malicious use prohibited; this site may use cookies and collect identifying information. See terms. The Jeopardy! game show and all elements thereof, including but not limited to copyright and trademark thereto, are the property of Jeopardy Productions, Inc. and are protected under law. This website is not affiliated with, sponsored by, or operated by Jeopardy Productions, Inc. Join the discussion at JBoard.tv.